000
00323 a2200157 4500
001
194947
020
_a
115 08 021148 1
040
_c
Magnum
100
_a
Puntel, Luiz
240
1
0
_a
Açúcar amargo
_l
por
245
1
0
_a
Açúcar amargo
300
_a
98
362
0
_a
1989
697
_a
LITERATURA JUVENIL
942
_c
BK
999
_c
194947
_d
194947